Academic Integrity in Canada (Record no. 29808)
[ view plain ]
| 000 -LEADER | |
|---|---|
| fixed length control field | 00851nam a2200121Ia 4500 |
| 008 - FIXED-LENGTH DATA ELEMENTS--GENERAL INFORMATION | |
| fixed length control field | 220620s9999||||xx |||||||||||||| ||und|| |
| 245 #0 - TITLE STATEMENT | |
| Title | Academic Integrity in Canada |
| Remainder of title | An Enduring and Essential Challenge |
| 546 ## - LANGUAGE NOTE | |
| Language note | English[eng] |
| 650 ## - SUBJECT ADDED ENTRY--TOPICAL TERM | |
| Topical term or geographic name entry element | Academic Integrity in Canada||Academic Integrity in Higher Education||Academic Integrity Policy||Academic Misconduct in Canada||Academic Misconduct in Higher Education||Academic Misconduct Policy||Academic Dishonesty in Canada||Indigenous Perspectives on Academic Integrity||Teaching and Learning Ethically||Assessment and Academic Integrity||Online and Remote Learning and Academic Integrity||Covid-19 and Academic Integrity||Open Access |
| 700 ## - ADDED ENTRY--PERSONAL NAME | |
| Personal name | Eaton, Sarah Elaine||Christensen Hughes, Julia |
| 856 ## - ELECTRONIC LOCATION AND ACCESS | |
| Uniform Resource Identifier | <a href="https://library.oapen.org/bitstream/20.500.12657/53333/1/978-3-030-83255-1.pdf">https://library.oapen.org/bitstream/20.500.12657/53333/1/978-3-030-83255-1.pdf</a> |
| 942 ## - ADDED ENTRY ELEMENTS (KOHA) | |
| Koha item type | E-Books |
| Withdrawn status | Lost status | Damaged status | Not for loan | Home library | Current library | Date acquired | Total Checkouts | Date last seen | Price effective from | Koha item type |
|---|---|---|---|---|---|---|---|---|---|---|
| Kerala University of Digital Sciences, Innovation and Technology Knowledge Centre | Kerala University of Digital Sciences, Innovation and Technology Knowledge Centre | 20/06/2022 | 20/06/2022 | 20/06/2022 | E-Books |